[Event "Francophone-ch 3rd"]
[Site "Montreal"]
[Date "2015.07.23"]
[Round "7"]
[White "Gouvart, Stephane"]
[Black "Bolduc, Steve"]
[Result "0-1"]
[WhiteElo "1929"]
[BlackElo "2166"]
[PlyCount "122"]
[EventDate "2015.07.17"]
[EventType "swiss"]
[EventRounds "9"]
[EventCountry "CAN"]
[SourceTitle "EXT 2016"]
[Source "ChessBase"]
[SourceDate "2015.10.08"]
[SourceVersion "1"]
[SourceVersionDate "2015.10.08"]
[SourceQuality "1"]

1. e4 e5 2. Nc3 Nf6 3. Bc4 Nc6 4. d3 Na5 5. Nge2 Nxc4 6. dxc4 Bc5 7. 0-0 0-0 8. Bg5 h6 9. Bh4 c6 10. Qd3 Qe7 11. Rad1 d6 12. Na4 Be6 13. b3 Ba3 14. Nec3 g5 15. Bg3 Rad8 16. Nb1 Bb4 17. a3 Ba5 18. b4 Bc7 19. Qe2 a6 20. Rfe1 Nd7 21. Nbc3 f6 22. Rd2 b5 23. Nb2 Nb6 24. cxb5 axb5 25. Red1 Ra8 26. Nb1 Nc4 27. Nxc4 Bxc4 28. Qe3 Rfd8 29. Qf3 Kg7 30. h4 Qe6 31. h5 g4 32. Qe3 Qf7 33. Bh4 Qxh5 34. g3 Rd7 35. Kg2 Qg6 36. f4 gxf3+ 37. Qxf3 Rf8 38. Nc3 h5 39. a4 bxa4 40. Nxa4 Qg4 41. Qe3 Rb8 42. c3 Rf7 43. Nb2 Be6 44. Rh1 Bb6 45. Qf3 Qxf3+ 46. Kxf3 d5 47. Rf1 f5 48. exf5 Bxf5 49. Ke2 Bg4+ 50. Ke1 Rxf1+ 51. Kxf1 Rf8+ 52. Ke1 e4 53. Be7 Rf3 54. Bd6 Kf7 55. Nd1 Ke6 56. Bb8 Rf8 57. Bf4 Ra8 58. c4 Ra1 59. b5 Ba5 60. cxd5+ cxd5 61. b6 Bxb6 0-1

[Event "Figueira da Foz op 7th"]
[Site "Figueira da Foz"]
[Date "2010.11.04"]
[Round "6.27"]
[White "Gouvart, Stephane"]
[Black "Catarro, Jose Joao Dias"]
[Result "1/2-1/2"]
[WhiteElo "1975"]
[BlackElo "1576"]
[PlyCount "51"]
[EventDate "2010.10.31"]
[EventType "swiss"]
[EventRounds "9"]
[EventCountry "POR"]
[SourceTitle "EXT 2011"]
[Source "ChessBase"]
[SourceDate "2010.11.26"]
[SourceVersion "1"]
[SourceVersionDate "2010.11.26"]
[SourceQuality "1"]

1. e4 c5 2. Nc3 Nc6 3. g3 g6 4. Bg2 Bg7 5. d3 e6 6. Be3 d6 7. Qd2 Qb6 8. Nge2 Bd7 9. 0-0 Nge7 10. a4 0-0 11. Nb5 Nd4 12. Nbxd4 cxd4 13. Bh6 Rac8 14. Bxg7 Kxg7 15. c4 a5 16. Qg5 Nc6 17. Qb5 Qc7 18. Qb3 e5 19. Nc1 f5 20. f4 fxe4 21. Bxe4 Bh3 22. Rf2 Qd7 23. Ne2 Nb4 24. Rd1 Rf6 25. Bg2 Bxg2 26. Kxg2 1/2-1/2

[Event "Figueira da Foz op 7th"]
[Site "Figueira da Foz"]
[Date "2010.11.02"]
[Round "4.29"]
[White "Monteiro, Sara Cristina da Si"]
[Black "Gouvart, Stephane"]
[Result "1-0"]
[WhiteElo "1818"]
[BlackElo "1975"]
[PlyCount "47"]
[EventDate "2010.10.31"]
[EventType "swiss"]
[EventRounds "9"]
[EventCountry "POR"]
[SourceTitle "EXT 2011"]
[Source "ChessBase"]
[SourceDate "2010.11.26"]
[SourceVersion "1"]
[SourceVersionDate "2010.11.26"]
[SourceQuality "1"]

1. d4 d5 2. Bg5 c6 3. e3 Na6 4. Nf3 Qb6 5. b3 Bf5 6. c3 e6 7. Be2 h6 8. Bh4 Nf6 9. Ne5 Bd6 10. Nd2 c5 11. 0-0 g5 12. Bg3 h5 13. Nec4 dxc4 14. Nxc4 Qc6 15. Nxd6+ Ke7 16. Bb5 Qb6 17. a4 Be4 18. Be5 Bc6 19. a5 Qd8 20. Bxc6 bxc6 21. Bxf6+ Kxf6 22. Qf3+ Ke7 23. dxc5 Nxc5 24. Rad1 1-0

[Event "Tatry op"]
[Site "Tatranske Zruby"]
[Date "2010.10.04"]
[Round "4"]
[White "Gouvart, Stephane"]
[Black "Jurcisin, Imrich"]
[Result "0-1"]
[WhiteElo "1975"]
[BlackElo "2048"]
[PlyCount "48"]
[EventDate "2010.10.02"]
[EventType "swiss"]
[EventRounds "9"]
[EventCountry "SVK"]
[SourceTitle "CBM 138 Extra"]
[Source "ChessBase"]
[SourceDate "2010.10.29"]
[SourceVersion "1"]
[SourceVersionDate "2010.10.29"]
[SourceQuality "1"]

1. e4 d5 2. exd5 Nf6 3. d4 Nxd5 4. Nf3 Bg4 5. Be2 e6 6. 0-0 Be7 7. c4 Nb6 8. Be3 Nc6 9. Qd3 0-0 10. h3 Bf5 11. Qd2 Bf6 12. Rd1 h6 13. a3 a5 14. Nc3 a4 15. Bd3 Na5 16. Bxf5 Naxc4 17. Qc2 exf5 18. Qxf5 Nxb2 19. Rdb1 N2c4 20. Ne4 Be7 21. Bf4 Qd5 22. Qg4 f5 23. Nc3 fxg4 24. Nxd5 Nxd5 0-1

[Event "FRA-chT1A 0607"]
[Site "France"]
[Date "2007.03.10"]
[Round "10.8"]
[White "Boulan, Laura"]
[Black "Gouvart, Stephane"]
[Result "0-1"]
[WhiteElo "1927"]
[BlackElo "1980"]
[PlyCount "86"]
[EventDate "2006.10.15"]
[EventType "team-tourn"]
[EventRounds "11"]
[EventCountry "FRA"]
[SourceTitle "EXT 2008"]
[Source "ChessBase"]
[SourceDate "2007.11.25"]
[SourceVersion "1"]
[SourceVersionDate "2007.11.25"]
[SourceQuality "1"]
[WhiteTeam "Migne Auxances"]
[BlackTeam "Cappelle la Grande"]
[WhiteTeamCountry "FRA"]
[BlackTeamCountry "FRA"]

1. e4 e5 2. Nf3 Nc6 3. Bc4 Be7 4. d3 Nf6 5. 0-0 0-0 6. Bb3 Re8 7. Re1 h6 8. Nbd2 Bf8 9. Nf1 d6 10. h3 Bd7 11. c3 Ne7 12. Ng3 c6 13. Nh4 Qc8 14. Nh5 Nxh5 15. Qxh5 Be6 16. Re3 Bxb3 17. axb3 g6 18. Rg3 Kh7 19. Qe2 Qe6 20. Nf3 f5 21. exf5 Nxf5 22. Rg4 Qf6 23. Re4 Re7 24. g4 Nh4 25. Nxh4 Qxh4 26. Qf3 d5 27. Rea4 b5 28. Ra6 Bg7 29. Qg2 Qf6 30. Be3 Qf7 31. Rxc6 d4 32. Bd2 Rf8 33. c4 e4 34. dxe4 Rxe4 35. Qxe4 Qxf2+ 36. Kh1 Qxd2 37. Qg2 Rf2 38. Qg1 Qe2 39. Qg3 d3 40. Rd6 bxc4 41. Rd5 d2 42. Rg1 Qe4+ 43. Rg2 Rf1+ 0-1

[Event "FRA-chT1A 0607"]
[Site "France"]
[Date "2007.02.11"]
[Round "8.7"]
[White "Gouvart, Stephane"]
[Black "Rabhi, Chamss Eddine"]
[Result "0-1"]
[WhiteElo "1980"]
[BlackElo "2069"]
[PlyCount "40"]
[EventDate "2006.10.15"]
[EventType "team-tourn"]
[EventRounds "11"]
[EventCountry "FRA"]
[SourceTitle "EXT 2008"]
[Source "ChessBase"]
[SourceDate "2007.11.25"]
[SourceVersion "1"]
[SourceVersionDate "2007.11.25"]
[SourceQuality "1"]
[WhiteTeam "Cappelle la Grande"]
[BlackTeam "Nantes"]
[WhiteTeamCountry "FRA"]
[BlackTeamCountry "FRA"]

1. e4 e6 2. d4 d5 3. exd5 exd5 4. Nf3 Bf5 5. c4 Bb4+ 6. Nc3 Nf6 7. Qb3 Qe7+ 8. Be2 0-0 9. Ne5 Nc6 10. Nxc6 bxc6 11. Be3 c5 12. Rd1 cxd4 13. Rxd4 c5 14. Rf4 Bxc3+ 15. bxc3 Rab8 16. Qa4 Rb1+ 17. Bd1 Bd3 18. Qa3 Bxc4 19. Qxc5 Qb7 20. Rf3 Rxd1+ 0-1

[Event "FRA-chT1A 0607"]
[Site "France"]
[Date "2007.01.25"]
[Round "6.7"]
[White "Daurelle, Herve"]
[Black "Gouvart, Stephane"]
[Result "1-0"]
[WhiteElo "2221"]
[BlackElo "1980"]
[PlyCount "41"]
[EventDate "2006.10.15"]
[EventType "team-tourn"]
[EventRounds "11"]
[EventCountry "FRA"]
[SourceTitle "EXT 2008"]
[Source "ChessBase"]
[SourceDate "2007.11.25"]
[SourceVersion "1"]
[SourceVersionDate "2007.11.25"]
[SourceQuality "1"]
[WhiteTeam "Clichy II"]
[BlackTeam "Cappelle la Grande"]
[WhiteTeamCountry "FRA"]
[BlackTeamCountry "FRA"]

1. e4 e5 2. Nf3 Nc6 3. Bb5 a6 4. Ba4 Nf6 5. 0-0 Be7 6. Re1 b5 7. Bb3 d5 8. exd5 e4 9. dxc6 exf3 10. Qxf3 0-0 11. h3 Re8 12. d3 a5 13. a3 Ra6 14. Nc3 b4 15. axb4 axb4 16. Rxa6 Bxa6 17. Ne4 Rf8 18. Bg5 Nxe4 19. Bxe7 Qxe7 20. Rxe4 Qc5 21. Re8 1-0

[Event "FRA-chT2 0304"]
[Site "France"]
[Date "2004.02.01"]
[Round "7"]
[White "Gouvart, Stephane"]
[Black "Bienaime, Pierre"]
[Result "0-1"]
[WhiteElo "2075"]
[BlackElo "1850"]
[PlyCount "54"]
[EventDate "2003.10.??"]
[EventType "team"]
[EventRounds "11"]
[EventCountry "FRA"]
[SourceTitle "EXT 2005"]
[Source "ChessBase"]
[SourceDate "2004.11.15"]
[SourceVersion "1"]
[SourceVersionDate "2004.11.15"]
[SourceQuality "1"]

1. e4 d5 2. exd5 Qxd5 3. Nc3 Qa5 4. d4 Nf6 5. Bd2 c6 6. Bc4 Bf5 7. Nf3 e6 8. Nd5 Qd8 9. Ne3 Be4 10. Ne5 Qxd4 11. N5g4 Nbd7 12. 0-0 Nxg4 13. Qxg4 Ne5 14. Bc3 Nxg4 15. Bxd4 Nxe3 16. fxe3 Bxc2 17. Rxf7 Kxf7 18. Rf1+ Ke8 19. Bxe6 Bg6 20. h4 b6 21. Be5 Rd8 22. g4 Ke7 23. Bb3 h5 24. g5 c5 25. e4 Rd2 26. Bb8 Kd7 27. e5 Kc8 0-1

[Event "FRA-chT2 0304"]
[Site "France"]
[Date "2003.11.16"]
[Round "3"]
[White "Matrand, Arnaud"]
[Black "Gouvart, Stephane"]
[Result "1/2-1/2"]
[WhiteElo "2140"]
[BlackElo "2075"]
[PlyCount "81"]
[EventDate "2003.10.??"]
[EventType "team"]
[EventRounds "11"]
[EventCountry "FRA"]
[SourceTitle "EXT 2005"]
[Source "ChessBase"]
[SourceDate "2004.11.15"]
[SourceVersion "1"]
[SourceVersionDate "2004.11.15"]
[SourceQuality "1"]
[WhiteTeam "Le Chesnay"]
[BlackTeam "Cappelle la Grande"]
[WhiteTeamCountry "FRA"]
[BlackTeamCountry "FRA"]

1. c4 c6 2. d4 d5 3. Nf3 Nf6 4. Nc3 dxc4 5. a4 Bf5 6. e3 e6 7. Bxc4 Bb4 8. 0-0 0-0 9. Nh4 Qc7 10. Nxf5 exf5 11. Qb3 Bd6 12. g3 Nbd7 13. Bd2 h5 14. Rfc1 a6 15. a5 Ne4 16. Nxe4 fxe4 17. Bb4 Rab8 18. Qa3 Bxb4 19. Qxb4 Qd8 20. Qd6 Nf6 21. Qe5 Qd7 22. Bf1 Rfe8 23. Qg5 Qd5 24. Rc5 Qxg5 25. Rxg5 Rbd8 26. Bc4 Kf8 27. Ra3 g6 28. Rb3 Re7 29. Kg2 Nh7 30. Rc5 Nf6 31. h3 Nd7 32. Rg5 Nf6 33. Re5 Rdd7 34. f4 exf3+ 35. Kxf3 Rxe5 36. dxe5 Ne8 37. Ke4 Ke7 38. h4 Ng7 39. Rb6 Ne6 40. Bxe6 Kxe6 41. Kf4 1/2-1/2

[Event "FRA-chT3 Gr8 0203"]
[Site "France"]
[Date "2002.11.17"]
[Round "3"]
[White "Barski, Vincent"]
[Black "Gouvart, Stephane"]
[Result "0-1"]
[WhiteElo "1860"]
[BlackElo "2086"]
[PlyCount "59"]
[EventDate "2002.10.??"]
[EventType "team"]
[EventRounds "9"]
[EventCountry "FRA"]
[SourceTitle "EXT 2005"]
[Source "ChessBase"]
[SourceDate "2004.11.15"]
[SourceVersion "1"]
[SourceVersionDate "2004.11.15"]
[SourceQuality "1"]

1. Nf3 d5 2. c4 c6 3. e3 Nf6 4. b3 Bf5 5. Bb2 e6 6. a3 a5 7. d4 Nbd7 8. c5 b6 9. cxb6 Qxb6 10. Nc3 Bd6 11. Nd2 0-0 12. Be2 Rab8 13. g4 Bg6 14. h4 h6 15. g5 Ne4 16. Ncxe4 Bxe4 17. Bf3 Bd3 18. Bg2 Kh7 19. Qg4 Bf5 20. Qe2 Qb5 21. Rc1 Qxe2+ 22. Kxe2 c5 23. Bc3 cxd4 24. exd4 Bxa3 25. Ra1 Bb4 26. Bxb4 axb4 27. Rhc1 Rfc8 28. Ke3 Rc3+ 29. Ke2 Rb7 30. Rcb1 0-1

[Event "FRA-chT3 Gr8 0102"]
[Site "France"]
[Date "2002.03.10"]
[Round "7"]
[White "Gouvart, Stephane"]
[Black "Boulet, Dominique"]
[Result "0-1"]
[WhiteElo "1970"]
[BlackElo "2018"]
[PlyCount "52"]
[EventDate "2001.10.??"]
[EventType "team"]
[EventRounds "9"]
[EventCountry "FRA"]
[SourceTitle "EXT 2005"]
[Source "ChessBase"]
[SourceDate "2004.11.15"]
[SourceVersion "1"]
[SourceVersionDate "2004.11.15"]
[SourceQuality "1"]

1. e4 c5 2. Nc3 e6 3. g3 d5 4. exd5 exd5 5. d4 Nc6 6. dxc5 d4 7. Ne4 Nf6 8. Bg5 Qd5 9. Nxf6+ gxf6 10. Qe2+ Be6 11. Bxf6 Qxh1 12. Nf3 Be7 13. Bxh8 Bg4 14. h4 Bxf3 15. Qc4 0-0-0 16. Bg7 Qg1 17. Qxf7 Bg4 18. Kd2 Bxc5 19. Qf4 h5 20. a3 Bd6 21. Qf7 Bxg3 22. Ba6 Qxf2+ 23. Qxf2 Bxf2 24. Be2 Bxh4 25. Rh1 Bg5+ 26. Kd1 Rg8 0-1